Statistics for Manchester United Iconic Shirt Numbers #2

Click here to take the quiz!

General Stats

  • This quiz has been taken 987 times
    (74 since last reset)
  • The average score is 20 of 36

Answer Stats

HintAnswer% Correct
6Rio Ferdinand
89%
5Rio Ferdinand
89%
3Phil Neville
86%
2Gary Neville
85%
5Harry Maguire
75%
3Patrice Evra
75%
4Phil Jones
74%
8Bruno Fernandes
72%
6Lisandro Martinez
66%
3Luke Shaw
66%
2Victor Lindelof
66%
8Juan Mata
63%
6Paul Pogba
63%
3Denis Irwin
62%
4Steve Bruce
62%
6Jaap Stam
60%
8Wayne Rooney
57%
6Gary Pallister
55%
2Rafael
55%
8Nicky Butt
54%
3Eric Bailly
52%
8Anderson
49%
6Jonny Evans
49%
6Wes Brown
49%
5Marcos Rojo
48%
4Sofyan Amrabat
43%
4Juan Sebastian Veron
42%
5Ronny Johnsen
42%
5Laurent Blanc
38%
6Laurent Blanc
38%
4Owen Hargreaves
38%
2Paul Parker
35%
8Paul Ince
34%
4Gabriel Heinze
28%
4David May
25%
5Lee Sharpe
23%

Score Distribution

Percentile by Number Answered

Percent of People with Each Score

Your Score History

You have not taken this quiz since the last reset